[Event "Pan American-ch School U15 12th"]
[Site "Callao"]
[Date "2023.10.18"]
[Round "5"]
[White "Gutarra Minaya, Percy Eduardo"]
[Black "Uchasara Apolinario, Josue Yoni"]
[Result "1-0"]
[WhiteElo "1166"]
[BlackElo "1295"]
[PlyCount "73"]
[EventDate "2023.10.16"]
[EventType "swiss"]
[EventRounds "9"]
[EventCountry "PER"]
[SourceTitle "Mega2024 Update 01"]
[Source "Chessbase"]
[SourceDate "2023.11.12"]
[SourceVersion "1"]
[SourceVersionDate "2023.11.12"]
[SourceQuality "1"]

1. d4 Nf6 2. Nf3 d5 3. g3 c5 4. e3 Nc6 5. Bg2 e6 6. 0-0 Be7 7. b3 0-0 8. Bb2 Ne4 9. Nbd2 Nxd2 10. Qxd2 f6 11. Rac1 cxd4 12. exd4 a5 13. a3 b5 14. Rfe1 Re8 15. Red1 Bb7 16. Ne1 Bd6 17. Nd3 Qe7 18. Re1 Qf8 19. Ra1 b4 20. a4 Rac8 21. Re2 Nd8 22. Rae1 Rc7 23. Nf4 Rce7 24. Rc1 Ba6 25. Ree1 Rc7 26. c3 g5 27. Nd3 Nc6 28. cxb4 Nxb4 29. Rxc7 Nxd3 30. Ra7 Nxe1 31. Rxa6 Nxg2 32. Kxg2 Rb8 33. Qe3 Bb4 34. Qxe6+ Kg7 35. Qxd5 Qc8 36. Ra7+ Kf8 37. Qf7# 1-0

[Event "South America-ch 1st"]
[Site "Lima"]
[Date "2023.09.19"]
[Round "6"]
[White "Vidalon, Raul"]
[Black "Uchasara Apolinario, Josue Yoni"]
[Result "0-1"]
[WhiteElo "1559"]
[BlackElo "1173"]
[PlyCount "114"]
[EventDate "2023.09.14"]
[EventType "swiss"]
[EventRounds "9"]
[EventCountry "PER"]
[SourceTitle "EXT 2024"]
[Source "ChessBase"]
[SourceDate "2023.10.10"]
[SourceVersion "1"]
[SourceVersionDate "2023.10.10"]
[SourceQuality "1"]

1. e4 c5 2. Nc3 d6 3. f4 Nc6 4. Bc4 Nf6 5. Nf3 e6 6. d3 a6 7. a4 Be7 8. 0-0 0-0 9. h3 d5 10. Bb3 dxe4 11. Nxe4 Qb6 12. Be3 Nd4 13. Nxd4 cxd4 14. Bf2 Rd8 15. Bh4 Nxe4 16. Bxe7 Rd7 17. Bh4 Nc5 18. Ra3 Nxb3 19. Rxb3 Qc6 20. a5 Rd5 21. Qd2 Bd7 22. Rf3 Qc7 23. Be1 Ba4 24. Rb4 Qxa5 25. Qf2 Bc6 26. Rxd4 Qa1 27. Rb4 Rb5 28. Rxb5 axb5 29. Re3 Qxb2 30. Re2 Qa3 31. Qd4 Qa7 32. Bf2 Qxd4 33. Bxd4 Ra4 34. Be5 f6 35. Bd6 Kf7 36. g3 Ra1+ 37. Kf2 Rh1 38. h4 Rh2+ 39. Ke1 Rh1+ 40. Kf2 f5 41. c3 Rh2+ 42. Ke3 Rh3 43. Kf2 Bd5 44. d4 Bc4 45. Re3 Rh2+ 46. Kg1 Rc2 47. Bb4 Bd5 48. c4 Rxc4 49. Be1 Rxd4 50. h5 b4 51. Re2 b3 52. Bc3 Rd3 53. Be1 Bf3 54. Rh2 Bxh5 55. Rb2 Bd1 56. Kf1 Bc2 57. Ke2 Rd5 0-1